Southville International School and Colleges
Your cart is empty.
  • Cart
  • Lists
    Public lists Eva Luna New books Lux_list list_1
    Your lists Log in to create your own lists
  • Log in to your account
  • Your cookies
  • Search history
Southville International School and Colleges
  • Advanced search
  • Recent comments
  • Most popular
  • Libraries

Log in to your account

Log in with GOOGLE


If you do not have an external account, but do have a local account, you can still log in:

  1. Home
  2. MARC view: Psychology /
Normal view MARC view ISBD view

Psychology / (Record no. 14795)

[ view plain ]
MARC details
000 -LEADER
fixed length control field 00509nam a2200181 a 4500
003 - CONTROL NUMBER IDENTIFIER
control field PILC
005 - DATE AND TIME OF LATEST TRANSACTION
control field 20150112093442.0
008 - FIXED-LENGTH DATA ELEMENTS--GENERAL INFORMATION
fixed length control field 100713s19uu xx 00 eng d
020 ## - INTERNATIONAL STANDARD BOOK NUMBER
International Standard Book Number 0072494123
050 ## - LIBRARY OF CONGRESS CALL NUMBER
Classification number BF 121
Item number .Sa265 2003
082 ## - DEWEY DECIMAL CLASSIFICATION NUMBER
Classification number PSF 150
Item number Sa52 2003
100 ## - MAIN ENTRY--PERSONAL NAME
Personal name Santrock, John W.
9 (RLIN) 16677
245 ## - TITLE STATEMENT
Title Psychology /
Statement of responsibility, etc John W. Santrock
260 ## - PUBLICATION, DISTRIBUTION, ETC. (IMPRINT)
Place of publication, distribution, etc Boston :
Name of publisher, distributor, etc McGraw-Hill Companies, Inc,
Date of publication, distribution, etc 2003.
300 ## - PHYSICAL DESCRIPTION
Extent 697 pages :
Other physical details illustration ;
Dimensions 24 cm.
650 ## - SUBJECT ADDED ENTRY--TOPICAL TERM
Topical term or geographic name as entry element Psychology
9 (RLIN) 45
942 ## - ADDED ENTRY ELEMENTS (KOHA)
Source of classification or shelving scheme Library of Congress Classification
Koha item type Books
Holdings
Withdrawn status Lost status Source of classification or shelving scheme Damaged status Home library Current library Shelving location Date acquired Total Checkouts Total Renewals Full call number Barcode Date last seen Date checked out Copy number Price effective from Koha item type
    Library of Congress Classification   Southville International School Affiliated with Foreign Universities Library Southville International School Affiliated with Foreign Universities Library Southville Foreign University Section 09/17/2013 1 1 BF 121 .Sa265 2003 SFU0210 05/15/2018 08/17/2017 1 09/17/2013 Books

Psychology /

APA

Santrock J. W., . (2003). Psychology. Boston: McGraw-Hill Companies, Inc.

Chicago

Santrock John W, . 2003. Psychology. Boston: McGraw-Hill Companies, Inc.

Harvard

Santrock J. W., . (2003). Psychology. Boston: McGraw-Hill Companies, Inc.

MLA

Santrock John W, . Psychology. Boston: McGraw-Hill Companies, Inc. 2003.

  • Place hold
  • Print
  • Cite
  • Add to your cart (remove)
  • Save record
    BIBTEX Dublin Core MARCXML MARC (non-Unicode/MARC-8) MARC (Unicode/UTF-8) MARC (Unicode/UTF-8, Standard) MODS (XML) RIS
  • More searches
    Search for this title in:
    Other Libraries (WorldCat) Other Databases (Google Scholar) Online Stores (Bookfinder.com) Open Library (openlibrary.org)

Exporting to Dublin Core...

SOUTHVILLE LIBRARY

Southville International School and Colleges Library

1281 Tropical Ave. Cor. Luxembourg St., BF Homes International, Las Pinas City

Tel. No. 8256374 / 252358 Loc. 117/146

Powered by Koha